[Event "ICS Rated standard match"]
[Site "204.178.125.65"]
[Date "2001.01.13"]
[Round "?"]
[White "Hossa"]
[Black "BrazilianMaster"]
[Result "0-1"]
[WhiteElo "2297"]
[BlackElo "2625"]
[PlyCount "164"]
[EventDate "2001.??.??"]

1. Nf3 d5 2. b3 Bg4 3. e3 e6 4. Bb2 Nd7 5. c4 dxc4 6. bxc4 c5 7. d3 Qb6 8. Bc3
Ngf6 9. Be2 Bd6 10. Na3 O-O 11. Rb1 Qc6 12. O-O Bb8 13. Qb3 b6 14. Qb2 Rd8 15.
Rfe1 Bh5 16. Red1 Qc7 17. Nb5 Qb7 18. Rf1 a6 19. Na3 Qc7 20. g3 Qc6 21. Bxf6
gxf6 22. Ne1 Be5 23. Qc2 Bxe2 24. Qxe2 f5 25. f4 Bg7 26. Nf3 Nf6 27. Nc2 Kf8
28. Rb3 Rd6 29. Rfb1 Qb7 30. a4 a5 31. Na3 Rc8 32. Nb5 Rdd8 33. Nc3 Qd7 34. Ne5
Qe8 35. Nb5 Qe7 36. Qf3 Re8 37. Na3 Ng4 38. Nxg4 fxg4 39. Qxg4 Qd7 40. Nb5 Rcd8
41. Qh5 e5 42. Qxh7 exf4 43. exf4 Re2 44. Qh5 Ra2 45. Re1 Qc6 46. Qh3 Rxa4 47.
Qh4 Rd7 48. Qh7 Ra2 49. Re4 Ra1+ 50. Kf2 a4 51. Rc3 Rd8 52. Rc2 a3 53. Re1 Rxe1
54. Kxe1 Qf3 55. Qe4 Re8 56. Qxe8+ Kxe8 57. Nxa3 Qh1+ 58. Ke2 Bd4 59. Nb5 Qxh2+
60. Kd1 Qg1+ 61. Ke2 Qe3+ 62. Kd1 Qxd3+ 63. Kc1 Qxg3 64. Re2+ Kf8 65. Kc2 Qxf4
66. Rd2 Bf6 67. Nd6 Bg5 68. Rg2 Qxd6 69. Rxg5 Qf4 70. Rh5 Qxc4+ 71. Kd2 Qd4+
72. Kc2 Qf2+ 73. Kc1 Qe1+ 74. Kb2 Qe2+ 75. Kc3 Qxh5 76. Kd2 Qd5+ 77. Ke3 c4 78.
Kf4 c3 79. Kg4 c2 80. Kg3 c1=Q 81. Kf2 Qdg5 82. Kf3 Qce3# {Hossa checkmated}
0-1

[Event "ICS rated standard match"]
[Site "204.178.125.65"]
[Date "2001.01.13"]
[Round "?"]
[White "Hossa"]
[Black "pisco"]
[Result "1-0"]
[WhiteElo "2293"]
[BlackElo "2125"]
[PlyCount "123"]
[EventDate "2001.??.??"]

1. e4 e6 2. d4 d5 3. Nc3 Bb4 4. e5 c5 5. Bd2 Ne7 6. a3 Bxc3 7. Bxc3 b6 8. dxc5
bxc5 9. b4 d4 10. Bb2 Qd5 11. bxc5 Qxe5+ 12. Ne2 Qxc5 13. Bxd4 Qg5 14. f4 Qh6
15. Nc3 Nbc6 16. Be3 O-O 17. Qf3 Rd8 18. Bb5 Qf6 19. Bc5 Rb8 20. O-O Qf5 21.
Qf2 Rd2 22. Qxd2 Qxc5+ 23. Rf2 Rxb5 24. Nxb5 Qxb5 25. Rd1 Nd5 26. f5 Qc5 27.
fxe6 Bxe6 28. Qg5 h6 29. Qg3 Nc3 30. Re1 Qxa3 31. Re3 Nd4 32. Re1 Qb2 33. Qc7
Kh7 34. Qxa7 Nxc2 35. Qc7 Qb3 36. Rc1 Bf5 37. Qf4 Bd3 38. Rfxc2 Bxc2 39. Qd2
Qb6+ 40. Kh1 Be4 41. Rxc3 Kg6 42. Rg3+ Kf5 43. Qa2 Qf6 44. Qa5+ Ke6 45. Qb6+
Ke5 46. Qb8+ Ke6 47. Qe8+ Kf5 48. h3 h5 49. Qc8+ Kf4 50. Qc7+ Kf5 51. Qc5+ Kf4
52. Kh2 g6 53. Ra3 Qe5 54. g3+ Kf5 55. Qf2+ Ke6 56. Ra6+ Kd7 57. Qxf7+ Kd8 58.
Ra2 Qd6 59. Qg8+ Ke7 60. Ra7+ Kf6 61. Rf7+ Kg5 62. h4+ {pisco resigns} 1-0

[Event "ICS rated standard match"]
[Site "204.178.125.65"]
[Date "2001.01.13"]
[Round "?"]
[White "MM3Quick"]
[Black "Hossa"]
[Result "0-1"]
[WhiteElo "2024"]
[BlackElo "2302"]
[PlyCount "92"]
[EventDate "2001.??.??"]

1. c3 d5 2. d3 e5 3. Qc2 Nf6 4. e4 Bc5 5. h3 O-O 6. Nf3 Nc6 7. Bg5 dxe4 8. dxe4
Bd7 9. Bc4 Qe7 10. O-O h6 11. Bh4 a6 12. a4 Rfd8 13. Nbd2 g5 14. Bg3 Nh5 15.
Bh2 Bd6 16. Rfe1 g4 17. hxg4 Bxg4 18. Rad1 Nf6 19. b4 a5 20. b5 Nb8 21. Be2 Qe6
22. Nc4 Bxf3 23. gxf3 Nbd7 24. Nxd6 cxd6 25. Kh1 Nf8 26. Rg1+ Ng6 27. f4 exf4
28. Bxf4 Qxe4+ 29. Qxe4 Nxe4 30. Be3 Nxc3 31. Rd2 Nxe2 32. Rxe2 Kh7 33. Rd2 Ne5
34. Rgd1 Nc4 35. Rd4 Rac8 36. Bc1 Rc5 37. Rf4 Rh5+ 38. Kg2 Ne5 39. Bb2 Rg8+ 40.
Kf1 Rh1+ 41. Ke2 Rxd1 42. Kxd1 Kg6 43. Ke2 Rc8 44. Kd1 h5 45. Re4 Nd3 46. Bd4
Rc4 {MM3Quick resigns} 0-1

[Event "ICS rated blitz match"]
[Site "204.178.125.65"]
[Date "2001.01.13"]
[Round "?"]
[White "Hossa"]
[Black "Tinker"]
[Result "1-0"]
[WhiteElo "2572"]
[BlackElo "2505"]
[PlyCount "101"]
[EventDate "2001.??.??"]

1. e4 d6 2. d4 Nf6 3. Nc3 g6 4. f4 Bg7 5. Nf3 O-O 6. Bd3 Nc6 7. O-O Bg4 8. Be3
e5 9. dxe5 dxe5 10. fxe5 Nxe5 11. Be2 Qxd1 12. Raxd1 Nxf3+ 13. Bxf3 Bxf3 14.
gxf3 Kh8 15. Nb5 Rfc8 16. Nxa7 Rcb8 17. a3 c6 18. Kg2 Re8 19. Rg1 Ng8 20. Rd7
Re7 21. Rxe7 Nxe7 22. Rd1 Bxb2 23. a4 b5 24. axb5 cxb5 25. Rd7 Re8 26. Nxb5 Be5
27. Bc5 Ng8 28. Rxf7 Rc8 29. Nc7 Nh6 30. Rf8+ Rxf8 31. Bxf8 Nf7 32. Nd5 Bg7 33.
Bxg7+ Kxg7 34. f4 Nd6 35. Kf3 Kf7 36. Ke3 h6 37. Kd3 Nc8 38. Kd4 Ke6 39. c4 Nd6
40. Ne3 h5 41. Nd5 Nb7 42. h3 Na5 43. c5 Nc6+ 44. Kc4 Kd7 45. Kb5 h4 46. Kb6
Nd8 47. f5 gxf5 48. exf5 Nf7 49. c6+ Ke8 50. c7 Kd7 51. f6 {Tinker resigns} 1-0

[Event "ICS rated blitz match"]
[Site "204.178.125.65"]
[Date "2001.01.13"]
[Round "?"]
[White "Tinker"]
[Black "Hossa"]
[Result "0-1"]
[WhiteElo "2492"]
[BlackElo "2585"]
[PlyCount "142"]
[EventDate "2001.??.??"]

1. e4 e5 2. Nf3 d6 3. d4 Nf6 4. Nc3 Nbd7 5. Bc4 exd4 6. Qxd4 Be7 7. Bf4 Nb6 8.
O-O Nxc4 9. Qxc4 O-O 10. Qe2 Re8 11. Rfd1 Bd7 12. a4 Bg4 13. h3 Bh5 14. Rd3 Nd7
15. Rb1 Bf6 16. b4 Bxc3 17. Rxc3 Nb6 18. Ra3 Qe7 19. Re1 d5 20. Re3 Qxb4 21.
Qb5 Qxb5 22. axb5 Nc4 23. Rc3 Bxf3 24. gxf3 c6 25. bxc6 bxc6 26. Rd1 Rad8 27.
Bc7 Rc8 28. Bh2 Red8 29. Rc1 a5 30. Rd3 a4 31. Ra1 Ra8 32. Ra2 d4 33. Bf4 h6
34. Bc7 Rd7 35. Bg3 Raa7 36. Bf4 f6 37. Kf1 c5 38. Bc1 Rd8 39. Ke2 Rb8 40. f4
Re8 41. f3 Rb8 42. f5 Rb1 43. Ba3 Rc7 44. Rd1 Rxd1 45. Kxd1 Kf8 46. Ke2 Ke7 47.
Bc1 Ra7 48. Kd3 Ne5+ 49. Ke2 Kd6 50. Ra1 Kc6 51. f4 Nc4 52. Kd3 Nd6 53. Ra2 Kd7
54. Ba3 Rc7 55. Bc1 Kc6 56. Rxa4 Kb5 57. Ra3 Re7 58. Rb3+ Kc6 59. Ke2 Rxe4+ 60.
Kf3 Re1 61. Rb1 Nxf5 62. Kf2 Rd1 63. h4 Nxh4 64. Ke2 Rg1 65. Ra1 Kd5 66. Bb2
Rxa1 67. Bxa1 Ng2 68. Kf3 Ne1+ 69. Ke2 Nxc2 70. Bb2 Ke4 71. Kd2 Ne3 {
Tinker resigns} 0-1

[Event "ICS rated blitz match"]
[Site "204.178.125.65"]
[Date "2001.01.13"]
[Round "?"]
[White "Hossa"]
[Black "Irs149"]
[Result "1-0"]
[WhiteElo "2597"]
[BlackElo "1908"]
[PlyCount "65"]
[EventDate "2001.??.??"]

1. Nf3 Nf6 2. d4 d5 3. c4 c6 4. Qc2 e6 5. cxd5 Bb4+ 6. Bd2 Bxd2+ 7. Nbxd2 cxd5
8. e3 O-O 9. Bd3 Ne4 10. Nxe4 dxe4 11. Bxe4 f5 12. Bd3 Nc6 13. Qd2 Bd7 14. O-O
Be8 15. Bc4 Bf7 16. Rac1 Rc8 17. Rc3 a6 18. Rfc1 b5 19. Bxe6 Bxe6 20. Rxc6 Rxc6
21. Rxc6 Bc4 22. Rxa6 Qc8 23. Ra5 Qc7 24. Ne5 Rc8 25. Qc3 g6 26. a4 b4 27. Qxb4
Be2 28. Qb3+ Kg7 29. Rc5 Qb8 30. Qf7+ Kh6 31. Qf6 Qxb2 32. Nf7+ Kh5 33. Qg5# {
Irs149 checkmated} 1-0

[Event "ICS rated blitz match"]
[Site "204.178.125.65"]
[Date "2001.01.13"]
[Round "?"]
[White "Hossa"]
[Black "WolfieBoy"]
[Result "1-0"]
[WhiteElo "2599"]
[BlackElo "1997"]
[PlyCount "33"]
[EventDate "2001.??.??"]

1. Nf3 d5 2. b3 g6 3. Bb2 Nf6 4. e3 Bg7 5. c4 O-O 6. cxd5 Nxd5 7. Bxg7 Kxg7 8.
Nc3 c6 9. Bc4 Be6 10. Ng5 Qd6 11. Nce4 Qe5 12. d4 Qf5 13. Nxe6+ Qxe6 14. Qf3
Nd7 15. O-O N7f6 16. Nxf6 Qxf6 17. Bxd5 {WolfieBoy resigns} 1-0

[Event "ICS rated blitz match"]
[Site "204.178.125.65"]
[Date "2001.01.13"]
[Round "?"]
[White "Irs149"]
[Black "Hossa"]
[Result "0-1"]
[WhiteElo "1905"]
[BlackElo "2600"]
[PlyCount "74"]
[EventDate "2001.??.??"]

1. e4 c5 2. Nf3 Nc6 3. d4 cxd4 4. Nxd4 e6 5. Nc3 Qc7 6. Be3 Nf6 7. f3 Nxd4 8.
Bxd4 d6 9. Bxf6 gxf6 10. Bd3 Bd7 11. O-O Qb6+ 12. Kh1 Qxb2 13. Qd2 Rc8 14. Rab1
Qxc3 15. Qxc3 Rxc3 16. Rxb7 Ra3 17. Rb8+ Ke7 18. Rb7 Bg7 19. Bb5 Rd8 20. Bxd7
Rxd7 21. Rxd7+ Kxd7 22. Rb1 Rxa2 23. h3 Rxc2 24. Rb7+ Rc7 25. Rb8 f5 26. exf5
exf5 27. Kh2 Be5+ 28. g3 Rc2+ 29. Kg1 Bxg3 30. Rb7+ Ke6 31. Rxa7 Bf2+ 32. Kf1
Bxa7 33. h4 Kd5 34. h5 Kc4 35. h6 Kd3 36. f4 Bd4 37. Ke1 Rc1# {
Irs149 checkmated} 0-1

[Event "ICS rated blitz match"]
[Site "204.178.125.65"]
[Date "2001.01.13"]
[Round "?"]
[White "Hossa"]
[Black "Irs149"]
[Result "1-0"]
[WhiteElo "2601"]
[BlackElo "1904"]
[PlyCount "99"]
[EventDate "2001.??.??"]

1. Nf3 Nf6 2. d4 d5 3. c4 dxc4 4. Ne5 Nc6 5. Nxc6 bxc6 6. e3 Be6 7. Qa4 Bd7 8.
Qxc4 e6 9. Bd3 Be7 10. O-O O-O 11. e4 Rb8 12. Qc2 Bd6 13. e5 Be7 14. exf6 Bxf6
15. Nc3 Bxd4 16. Bxh7+ Kh8 17. Rd1 Bxc3 18. Qxc3 Kxh7 19. Qd3+ Kg8 20. Qxd7
Qxd7 21. Rxd7 Rbc8 22. Be3 Rfd8 23. Rxd8+ Rxd8 24. Bxa7 f5 25. Be3 g6 26. Kf1
Kf7 27. Bg5 Rd5 28. Rc1 Rd6 29. Bf4 Rd4 30. Bxc7 Kf6 31. Rxc6 Rd1+ 32. Ke2 Rb1
33. Bd8+ Ke5 34. Rb6 g5 35. Bxg5 f4 36. Rb5+ Kd6 37. Bxf4+ Kc6 38. Rb8 Kd5 39.
Kf3 Kd4 40. Rd8+ Kc5 41. Be5 Kc6 42. Rd6+ Kc5 43. Rxe6 Rc1 44. Re8 Rc4 45. Rc8+
Kd5 46. Rxc4 Kxc4 47. h4 Kd5 48. h5 Ke6 49. h6 Kf7 50. h7 {Irs149 resigns} 1-0

[Event "ICS rated blitz match"]
[Site "204.178.125.65"]
[Date "2001.01.13"]
[Round "?"]
[White "Hossa"]
[Black "jazzman-cps"]
[Result "1-0"]
[WhiteElo "2603"]
[BlackElo "2041"]
[PlyCount "37"]
[EventDate "2001.??.??"]

1. Nf3 e6 2. d4 d5 3. Bg5 Be7 4. Bxe7 Nxe7 5. e3 O-O 6. Bd3 c5 7. dxc5 Qa5+ 8.
Nc3 Qxc5 9. O-O Nbc6 10. Ng5 h6 11. Qh5 Ne5 12. Nxe6 Nxd3 13. Nxc5 Nxc5 14.
Nxd5 Nxd5 15. Qxd5 Ne6 16. Rfd1 Ng5 17. f3 Be6 18. Qxb7 Kh7 19. h4 {
jazzman-cps resigns} 1-0

[Event "ICS rated blitz match"]
[Site "204.178.125.65"]
[Date "2001.01.13"]
[Round "?"]
[White "jazzman-cps"]
[Black "Hossa"]
[Result "0-1"]
[WhiteElo "2040"]
[BlackElo "2604"]
[PlyCount "35"]
[EventDate "2001.??.??"]

1. d4 Nf6 2. c4 g6 3. Nc3 Bg7 4. e4 d6 5. h3 O-O 6. Nf3 e5 7. Be2 exd4 8. Nxd4
Re8 9. f3 Nh5 10. O-O Ng3 11. Rf2 Nxe2+ 12. Ndxe2 Be6 13. b3 Nc6 14. Bb2 Qh4
15. Rc1 Qg5 16. Qc2 Bxh3 17. Nb5 Nb4 18. Qd1 {jazzman-cps resigns} 0-1

[Event "ICS rated blitz match"]
[Site "204.178.125.65"]
[Date "2001.01.13"]
[Round "?"]
[White "Dorky"]
[Black "Hossa"]
[Result "1/2-1/2"]
[WhiteElo "2421"]
[BlackElo "2605"]
[PlyCount "96"]
[EventDate "2001.??.??"]

1. e4 e5 2. Nf3 d6 3. d4 Nf6 4. dxe5 Nxe4 5. Bd3 Nc5 6. O-O Nxd3 7. Qxd3 Be7 8.
Bf4 dxe5 9. Nxe5 O-O 10. Qf3 Nd7 11. Rd1 Nxe5 12. Bxe5 Bd6 13. Na3 Qe7 14. Bxd6
cxd6 15. Qd5 Rd8 16. Nb5 Be6 17. Qd4 d5 18. Re1 Qd7 19. Nc3 Rdc8 20. Rad1 Rc4
21. Qxc4 dxc4 22. Rxd7 Bxd7 23. f4 Bc6 24. Rd1 h5 25. Rd4 b5 26. Rd6 Rc8 27.
Nd5 Kf8 28. h4 a5 29. f5 a4 30. c3 Ke8 31. a3 Kf8 32. Kf2 Ke8 33. Ke3 Kf8 34.
Kd4 f6 35. Nf4 Ke7 36. Re6+ Kf7 37. Nxh5 Bxg2 38. Nf4 Bc6 39. Ng6 Rd8+ 40. Ke3
Rd3+ 41. Kf4 Rf3+ 42. Kg4 Rxf5 43. Kxf5 Bd7 44. Nh8+ Kg8 45. Ng6 Kf7 46. Nh8+
Kg8 47. Ng6 Kf7 48. Nh8+ Kg8 {Game drawn by repetition} 1/2-1/2

[Event "ICS rated standard match"]
[Site "204.178.125.65"]
[Date "2001.01.13"]
[Round "?"]
[White "Hossa"]
[Black "regisboni"]
[Result "1-0"]
[WhiteElo "2307"]
[BlackElo "1971"]
[PlyCount "133"]
[EventDate "2001.??.??"]

1. Nf3 Nf6 2. d4 d5 3. c4 dxc4 4. Ne5 Nbd7 5. Nxc4 b5 6. Nca3 c6 7. g3 e5 8.
Bg2 Bb4+ 9. Bd2 Bxd2+ 10. Nxd2 Qb6 11. Nb3 O-O 12. O-O Re8 13. Qc2 Bb7 14. Rfd1
exd4 15. Nxd4 Ne5 16. Nb3 Rad8 17. Rac1 b4 18. Rxd8 Rxd8 19. Nc4 Nxc4 20. Qxc4
Ba6 21. Qc2 Qb5 22. e3 Qa4 23. Bxc6 Qxa2 24. Ra1 Bd3 25. Rxa2 Bxc2 26. Nd4 Ng4
27. Rxa7 Ne5 28. Nxc2 Nxc6 29. Rb7 b3 30. Rxb3 Kf8 31. Kg2 Rd2 32. Ne1 Rd1 33.
Nf3 Ke8 34. Rb6 Na5 35. Ng5 f6 36. Rb8+ Ke7 37. Nxh7 Rd2 38. b4 Nc4 39. Rb7+
Kd6 40. Kf1 Ne5 41. Rxg7 Nd3 42. f4 Rxh2 43. Nxf6 Ke6 44. Ng4 Rb2 45. e4 Rxb4
46. Ke2 Nc5 47. f5+ Kd6 48. e5+ Kd5 49. e6 Kd6 50. Ne3 Rb2+ 51. Kf3 Rb4 52. e7
Rb8 53. f6 Ke6 54. Nd5 Nd3 55. f7 Ne5+ 56. Ke4 Nxf7 57. e8=Q+ Rxe8 58. Nc7+
Kd7+ 59. Nxe8 Kxe8 60. Rxf7 Kxf7 61. Kf5 Kf8 62. Kg6 Kg8 63. g4 Kh8 64. g5 Kg8
65. Kh6 Kh8 66. g6 Kg8 67. g7 {regisboni resigns} 1-0

[Event "ICS rated blitz match"]
[Site "204.178.125.65"]
[Date "2001.01.13"]
[Round "?"]
[White "Hossa"]
[Black "armenjan"]
[Result "1-0"]
[WhiteElo "2597"]
[BlackElo "2222"]
[Annotator "Fritz 6 (16s)"]
[PlyCount "18"]
[EventDate "2001.??.??"]

1. Nf3 {C64: Spanische Partie (Cordel-Verteidigung)} 1... Nc6 2. e4 e5 3. Bb5
Bc5 4. c3 {Befestigt b4} 4... Nf6 5. d4 exd4 6. e5 Ne4 (6... Nd5 $5 $14 {
ist zu beachten}) 7. Qe2 $16 ({Schwaecher ist} 7. cxd4 Bb4+ 8. Kf1 Qe7 $11)
7... Nxf2 $2 (7... d5 $142 $5 8. exd6 f5 9. dxc7 Qxc7 10. cxd4 Bb4+ 11. Bd2 Kd8
12. Bxb4 Nxb4 $16) 8. Qxf2 $18 (8. Kxf2 $4 d3+ 9. Be3 dxe2 10. Bxc5 b6 $19)
8... Qe7 9. Qg3 d6 $2 (9... f6 10. Bxc6 bxc6 11. cxd4 Bb6 $18) 1-0

[Event "ICS rated blitz match"]
[Site "204.178.125.65"]
[Date "2001.01.13"]
[Round "?"]
[White "armenjan"]
[Black "Hossa"]
[Result "0-1"]
[WhiteElo "2219"]
[BlackElo "2600"]
[Annotator "Fritz 6 (16s)"]
[PlyCount "51"]
[EventDate "2001.??.??"]

1. Nf3 {E12: Damenindisch (Petrosjan-System und 4. oder 5.Lg5)} 1... Nf6 2. c4
b6 3. Nc3 Bb7 4. d4 e6 {Verhindert das Eindringen auf d5} 5. a3 {Ueberdeckt b4}
5... d5 6. Bg5 dxc4 {Schwarz verschaerft nun die Partie} 7. e4 b5 (7... Nxe4 {
Nutzt die Fesselung aus} 8. Bxd8) 8. e5 {Weiss erobert Raum} 8... b4 9. axb4 h6
10. exf6 (10. Bh4 $142 g5 11. Nxg5 (11. exf6 $6 gxh4 12. Ne5 Rg8 $11) 11...
hxg5 12. Bxg5 $16) 10... hxg5 $11 11. fxg7 Bxg7 12. Bxc4 (12. Ra5 $5 {
ist interessant} 12... Bf6 13. Ne5 $11) 12... g4 $17 13. Ne5 Bxe5 (13... Bxg2
14. Qxg4 Bxh1 15. Qxg7 $18) 14. dxe5 Bxg2 {Weiss kann nicht kurz rochieren} 15.
Rg1 Bf3 16. Bb5+ Ke7 17. Be2 Qxd1+ 18. Rxd1 Rxh2 (18... Nc6 $142 19. Bxf3 gxf3
$19) 19. Bxf3 $11 gxf3 20. Rd3 $2 (20. Rg8 Rg2 21. Rdd8 Rxg8 22. Rxg8 $14)
20... Nc6 $19 21. Rxf3 Nxe5 22. Re3 Nc4 23. Re2 Rah8 24. Nb5 Kd7 25. b3 Nd6 26.
Nd4 0-1

[Event "ICS rated blitz match"]
[Site "204.178.125.65"]
[Date "2001.01.13"]
[Round "?"]
[White "Hossa"]
[Black "armenjan"]
[Result "1-0"]
[WhiteElo "2603"]
[BlackElo "2242"]
[Annotator "Fritz 6 (16s)"]
[PlyCount "59"]
[EventDate "2001.??.??"]

1. Nf3 {E91: Koenigsindisch (Klassisches System)} 1... Nf6 2. d4 g6 3. c4 Bg7
4. Nc3 O-O 5. e4 d6 {Punkt e5} 6. Be2 Bg4 7. O-O Nc6 8. d5 {Weiss hat mehr Raum
} 8... Bxf3 9. Bxf3 Ne5 10. Be2 c6 {Verwehrt dem Gegner b5} 11. f4 Ned7 12. Be3
a6 {Kontrolliert b5} 13. Qd2 Rc8 14. f5 {Weiss gewinnt Raum} 14... cxd5 15.
exd5 Ne5 16. b3 Qa5 17. fxg6 hxg6 18. a4 Nfg4 19. Ne4 Qxd2 20. Bxd2 Nd7 $2 (
20... f5 $142 {sieht noch spielbar aus} 21. Nc3 Kf7 $14) 21. Bxg4 $18 f5 22.
Bh3 Bxa1 23. Rxa1 b5 24. axb5 axb5 25. cxb5 {
Wenn der Bauer b5 jetzt vorrueckt...} 25... Rc2 26. Rc1 Rfc8 27. Rxc2 Rxc2 28.
Ba5 Ne5 29. b6 Rb2 (29... Rc8 30. Nc3 $18) 30. Nd2 (30. Nd2 Nd7 31. b7 $18) 1-0

[Event "ICS rated blitz match"]
[Site "204.178.125.65"]
[Date "2001.01.13"]
[Round "?"]
[White "armenjan"]
[Black "Hossa"]
[Result "0-1"]
[WhiteElo "2238"]
[BlackElo "2607"]
[Annotator "Fritz 6 (16s)"]
[PlyCount "138"]
[EventDate "2001.??.??"]

1. Nf3 {E12: Damenindisch (Petrosjan-System und 4. oder 5.Lg5)} 1... Nf6 2. c4
b6 3. Nc3 Bb7 4. d4 e6 5. a3 d5 6. cxd5 Nxd5 7. Qa4+ Bc6 8. Qc2 Nxc3 9. bxc3
Bd6 10. e4 O-O 11. Bd3 f5 12. O-O Qc8 13. Re1 Qb7 14. Ng5 Re8 15. exf5 h6 16.
Nxe6 Bxg2 17. Be4 Bxe4 18. Qxe4 Qxe4 19. Rxe4 Kf7 20. Bf4 Nd7 21. Rae1 Bxf4 22.
Nxf4 Nf6 23. Re6 Rac8 24. c4 Rcd8 25. d5 a6 26. a4 a5 27. Nd3 Nd7 28. f4 Kf8
29. Kg2 h5 30. Kh3 Rb8 (30... Nf6 31. Kh4 $18) 31. Kh4 Nf6 32. Kg5 Rbd8 33. Ne5
Ra8 34. Kg6 Rad8 35. h3 h4 36. Re2 Rd6 37. Kg5 Kg8 38. Ng6 {Aufpassen!} 38...
Ra8 39. Nxh4 Nh7+ 40. Kg4 Nf6+ 41. Kf3 Kh7 42. Ng6 Rc8 43. Ne7 Rf8 44. Nc6 Nh5
45. Rxd6 cxd6 46. Nd4 (46. Re7 $5 {laesst dem Gegner kaum Chancen} 46... Rxf5
47. Kg4 Kg6 48. Re6+ Nf6+ 49. Kg3 Kf7 50. Nd8+ Kf8 $18) 46... Rc8 47. Rc2 Nf6
48. Ke3 Kg8 49. Kd3 Nd7 50. Ne6 Kf7 51. Rg2 Nc5+ 52. Nxc5 bxc5 53. Rg6 Rh8 54.
Rxd6 Rxh3+ 55. Ke4 Rc3 56. Rc6 Rxc4+ 57. Ke5 Ke7 $4 {
der Druck provoziert den entscheidenden Fehler} (57... Rxa4 58. d6 Ra1 59. Rc7+
Kf8 60. Rc8+ Kf7 $18) 58. Rc7+ (58. d6+ $5 {ist genauer} 58... Kd8 59. Rc7 Rd4
60. Rxg7 Ke8 $18) 58... Ke8 59. Rxg7 Rxa4 60. Ra7 Ra2 61. f6 a4 (61... Rf2 62.
d6 Re2+ 63. Kf5 $18) 62. d6 (62. f7+ Kf8 63. Kf6 Re2 64. Ra8+ Re8 65. fxe8=Q#)
62... Re2+ $18 63. Kf5 Rd2 64. Ke6 Re2+ 65. Kd5 Kf8 (65... Rd2+ {
waere noch eine kleine Chance} 66. Kc6 Kf8 $18) 66. d7 Rd2+ 67. Kxc5 a3 68. Kc6
Rd1 69. Rxa3 Rc1+ (69... Rc1+ 70. Kd6 Rd1+ 71. Ke6 Re1+ 72. Kf5 Rd1 $18) 0-1

[Event "ICS rated blitz match"]
[Site "204.178.125.65"]
[Date "2001.01.13"]
[Round "?"]
[White "Hossa"]
[Black "armenjan"]
[Result "1-0"]
[WhiteElo "2610"]
[BlackElo "2235"]
[PlyCount "68"]
[EventDate "2001.??.??"]

1. Nf3 d5 2. b3 c6 3. Bb2 Bf5 4. e3 Nd7 5. Nh4 Be4 6. d3 Bg6 7. Nxg6 hxg6 8. c4
e6 9. cxd5 exd5 10. Nd2 Ngf6 11. Be2 Bd6 12. a3 Qe7 13. Nf3 O-O-O 14. O-O Kb8
15. Qc2 Ne5 16. Bxe5 Bxe5 17. Rac1 g5 18. g3 g4 19. Nxe5 Qxe5 20. Qc5 Rh3 21.
f4 gxf3 22. Bxf3 Rdh8 23. Rc2 Re8 24. e4 dxe4 25. Qxe5+ Rxe5 26. dxe4 Rh8 27.
Rd2 Kc7 28. h4 Rhe8 29. g4 R8e7 30. Re2 Ra5 31. a4 Nd7 32. Rc2 Ne5 33. Be2 Kb6
34. Rd2 Rd5 {armenjan resigns} 1-0

[Event "ICS rated blitz match"]
[Site "204.178.125.65"]
[Date "2001.01.13"]
[Round "?"]
[White "armenjan"]
[Black "Hossa"]
[Result "0-1"]
[WhiteElo "2232"]
[BlackElo "2613"]
[PlyCount "20"]
[EventDate "2001.??.??"]

1. Nf3 Nf6 2. c4 b6 3. g3 e6 4. Bg2 Bb7 5. O-O Be7 6. Nc3 d5 7. d4 dxc4 8. Qa4+
c6 9. Qxc4 Nd5 10. e4 Ba6 {armenjan resigns} 0-1

[Event "ICS rated standard match"]
[Site "204.178.125.65"]
[Date "2001.01.13"]
[Round "?"]
[White "Restrell"]
[Black "Hossa"]
[Result "0-1"]
[WhiteElo "2043"]
[BlackElo "2311"]
[PlyCount "53"]
[EventDate "2001.??.??"]

1. d4 Nf6 2. c4 g6 3. Nc3 Bg7 4. e4 d6 5. Nf3 O-O 6. Bg5 h6 7. Bxf6 Bxf6 8. Nd5
Bg7 9. Bd3 Bg4 10. O-O Nc6 11. h3 Bxf3 12. Qxf3 e6 13. Nc3 Bxd4 14. Rab1 Qg5
15. c5 Bxc5 16. Nb5 a6 17. Nxc7 Ra7 18. a3 Bb6 19. Nxe6 fxe6 20. Qg4 Qxg4 21.
hxg4 Ne5 22. Rbd1 Nxg4 23. Rd2 Raa8 24. Kh1 Nxf2+ 25. Kh2 Be3 26. Rdxf2 Rxf2
27. Rc1 {Restrell resigns} 0-1

[Event "ICS rated blitz match"]
[Site "204.178.125.65"]
[Date "2001.01.13"]
[Round "?"]
[White "Hossa"]
[Black "BlueJ"]
[Result "1-0"]
[WhiteElo "2616"]
[BlackElo "2422"]
[Annotator "Fritz 6 (16s)"]
[PlyCount "39"]
[EventDate "2001.??.??"]

1. Nf3 {B30: Sizilianisch (Rossolimo-Variante)} 1... c5 2. e4 Nc6 3. Bb5 Na5 4.
O-O a6 5. Be2 b5 6. a4 b4 {Schwarz erobert Raum} 7. d4 cxd4 8. Nxd4 Bb7 {
Schwarz hat Entwicklungsnachteil.} 9. e5 e6 {Befestigt f5} 10. Bf4 Qc7 11. Bg3
Ne7 12. Nd2 h5 {Motiv: Raeumung fuer den Zug h8-h5} 13. Bxh5 O-O-O $2 (13...
Qc5 $142 14. N2b3 Nxb3 15. Nxb3 Qd5 16. Qxd5 Bxd5 $16) 14. Bxf7 $18 Nac6 15.
Nc4 Nf5 16. Nxf5 exf5 17. Qd3 f4 18. Bxf4 Bc5 19. Nd6+ Kb8 20. Bc4 (20. Bc4
Bxd6 21. exd6 $18) 1-0

[Event "ICS rated blitz match"]
[Site "204.178.125.65"]
[Date "2001.01.13"]
[Round "?"]
[White "Hossa"]
[Black "WolfieBoy"]
[Result "1-0"]
[WhiteElo "2625"]
[BlackElo "2032"]
[Annotator "Fritz 6 (16s)"]
[PlyCount "61"]
[EventDate "2001.??.??"]

1. Nf3 {A06: Zukertort-Eroeffnung} 1... d5 2. b3 g6 3. Bb2 Nf6 4. e3 Bg7 5. c4
O-O 6. cxd5 Nxd5 7. Bxg7 Kxg7 8. Nc3 c6 {Deckt b5} 9. Bc4 e6 {
Verhindert das Eindringen auf d5} 10. O-O b6 11. Qc2 Ba6 12. d4 Nb4 13. Qe2
Bxc4 14. bxc4 c5 15. dxc5 bxc5 16. Ne4 N8c6 (16... Qe7 17. a3 N4a6 18. Rab1 $16
) 17. Nxc5 (17. Qb2+ f6 18. Nfg5 Qc8 19. Nxc5 Nd8 20. Ngxe6+ Nxe6 21. Nxe6+
Qxe6 22. Qxb4 Rab8 $18) 17... Qd6 18. Qb2+ f6 (18... e5 $142 $5 19. Ne4 Qe7 $16
) 19. Ng5 $18 Rfe8 (19... Rae8 20. Nge4 Qe5 $18) 20. Ncxe6+ Rxe6 21. c5 $1 {
Aus die Maus!} 21... Qd5 (21... Qxc5 {Ablenkung von e6} 22. Nxe6+ {
Motiv: Doppelangriff}) 22. Nxe6+ Qxe6 23. a3 Rb8 24. axb4 Rxb4 25. Rxa7+ $1 {
Er hatte sowieso materiellen Vorteil} 25... Kh6 (25... Nxa7 {Eine Ablenkung}
26. Qxb4) 26. Qa3 Rh4 (26... Rg4 {nuetzt auch nichts mehr} 27. Ra4 $18) 27. Ra4
Rh5 28. Qc3 Ne5 29. Qd4 Qh3 (29... Qc6 {haette noch versucht werden koennen}
30. e4 Qb5 $18) 30. Qf4+ g5 (30... Rg5 {ist noch eine Idee} 31. Qxg5+ $1 {
Die Raeumung erlaubt f2-f4} 31... Kxg5 32. f4+ Kh6 33. gxh3 Nc6 $18) 31. Qxf6+
(31. Qxf6+ Ng6 32. gxh3 g4 33. Rxg4 Rg5 34. Qxg5+ Kg7 35. Rb1 Kg8 36. Qe7 Kh8
37. Rb8+ Nf8 38. Qxf8#) 1-0

[Event "ICS rated blitz match"]
[Site "204.178.125.65"]
[Date "2001.01.13"]
[Round "?"]
[White "ChessHouseDK"]
[Black "Hossa"]
[Result "0-1"]
[WhiteElo "2157"]
[BlackElo "2626"]
[PlyCount "64"]
[EventDate "2001.??.??"]

1. d4 Nf6 2. c3 d5 3. Bf4 Bg4 4. h3 Bf5 5. g4 Be4 6. f3 Bg6 7. Bg2 c5 8. e3
cxd4 9. exd4 e6 10. Ne2 Nc6 11. Nd2 Be7 12. O-O O-O 13. Bg3 Bd6 14. Qe1 Bxg3
15. Nxg3 Qb6 16. b3 e5 17. Kh2 exd4 18. cxd4 Bd3 19. Rf2 Rfe8 20. Qc1 Nxd4 21.
Qb2 Nc2 22. Raf1 Ne3 23. Rc1 Nexg4+ 24. fxg4 Qxf2 25. g5 Ne4 26. Ngxe4 Bxe4 27.
Nxe4 Qxb2 28. Rc8 Raxc8 29. Nf6+ gxf6 30. gxf6 Qe5+ 31. Kg1 Rc1+ 32. Kf2 Qe3# {
ChessHouseDK checkmated} 0-1